Lásky žár valčík /

Main Author: Zita, František, 1888-1946
Language: No linguistic content
Published: Brno ; Bratislava : Jar. Stožický, [1930?]
Series: Orchestr J. S.
Physical Description: 20 hlasů
Musical Score Musical Score
Saved in:
LEADER 00838ncm a22002412a 4500
001 001351391
003 CZ BrMZK
005 20140107135209.0
007 qu
008 131205s1930 xr |||||||||||||||||zxx d
040 |a BOA001  |b cze 
044 |a xr  |a xo 
072 7 |a 785  |x Instrumentální hudba. Symfonická hudba. Hudba pro více nástrojů  |2 Konspekt  |9 9 
100 1 |a Zita, František,  |d 1888-1946  |7 ola200204714  |4 cmp 
245 1 0 |a Lásky žár  |h [hudebnina] :  |b valčík /  |c pro hudbu smyčcovou složil F. Zita 
260 |a Brno ;  |a Bratislava :  |b Jar. Stožický,  |c [1930?] 
300 |a 20 hlasů 
490 1 |a Orchestr J. S. ;  |v č. 16 
830 0 |a Orchestr J. S. 
910 |a BOA001  |b Mus4-0149.062,16 
990 |a MU 
991 |b 201312 
996 6 |b 2619630733  |c Mus4-0149.062,16  |l MZK  |r Sklad / do 1 hodiny  |n 0  |w 001386164  |u 000010  |a 1  |e BOA001  |j MZK50  |s P